000
00303 a2200109 4500
001
ART_24959
005
20260410161933.0
008
260409a
245
1
0
_a
Leasing inmobiliario
100
1
_a
Lanús de la Serna, Rodolfo
773
0
_t
Informe
_g
- Año I, Nº 6 (dic. 1969)
_w
REV23765
999
_c
28777
_d
28777